Curso progresivo de Gramática i Composicion Literaria: Libro V.

Gespeichert in:
Bibliographische Detailangaben
1. Verfasser: Muñoz Hermosilla, José María (VerfasserIn)
Format: Buch
Sprache:Spanisch
Erschienen: Santiago de Chile Imprenta i encuadernación Barcelona 1898
Katalog:MANES:  Suchergebnis im Bibliothekskatalog
Schulbuchspezifische Eigenschaften:
Tags: Tag hinzufügen
Keine Tags, Fügen Sie den ersten Tag hinzu!
Hinzugefügt zu:11.03.2020
Geändert in:25.04.2025

MARC

LEADER 00000nam a22000007a 4500
005 20250425101451.0
008 200312b ||||| |||| 00| 0 spa d
040 |a MGM 
561 |5 cl-MGM  |3 T 372.61 M967c 5  |a Chile. Museo Gabriela Mistral  |k MANES 
999 |c 87993  |d 87993 
100 |a Muñoz Hermosilla, José María  |e Autor  |9 30912 
245 |a Curso progresivo de Gramática i Composicion Literaria: Libro V. 
260 |a Santiago de Chile  |b Imprenta i encuadernación Barcelona  |c 1898 
300 |a 225 p.  |c 17,5 x 13 cm 
521 |a Indice, portada y prologos tachados.  
546 |a Chile  
690 |a LEN 
691 |a PRI 
942 |2 ddc  |c BK 
999 |c manes:87993  |d 87993